Il mago di Oz /
Saved in:
| Hovedforfatter: | |
|---|---|
| Andre forfattere: | |
| Format: | Bog |
| Sprog: | italiensk |
| Udgivet: |
Milano :
Oscar Mondadori,
2000
|
| Serier: | Piccola biblioteca Oscar ;
222 |
| Fag: | |
| Tags: |
Ingen Tags, Vær først til at tagge denne postø!
|
MARC
| LEADER | 00000nam a2200000 i 4500 | ||
|---|---|---|---|
| 001 | IT\ICCU\TO0\0872145 | ||
| 003 | ItRI | ||
| 005 | 20260115231849.0 | ||
| 008 | 000616s2000 it |||||| ||||| |||||c | ||
| 015 | |2 IT |a 2001-5138 | ||
| 020 | |a 8804477067 | ||
| 040 | |b ita |c importazione bologna sebina | ||
| 041 | 7 | |a ita |2 ISO-639-2 | |
| 082 | |a 791.4372 |9 CINEMA. SINGOLI FILM |2 21 | ||
| 100 | 1 | |a Rushdie, Salman |0 IT\ICCU\CFIV\016890 |4 aut | |
| 240 | 1 | 4 | |a The wizard of Oz. |3 IT\ICCU\LO1\0342045 |9 Rushdie, Salman |
| 245 | 1 | 3 | |a Il mago di Oz / |c Salman Rushdie ; traduzione di Giuseppe Strazzeri. |
| 260 | |a Milano : |b Oscar Mondadori, |c 2000 | ||
| 300 | |a 111 p. : |b ill. ; |c 18 cm. | ||
| 650 | 7 | |a Il *mago di Oz <film> |2 scbi | |
| 700 | 1 | |a Strazzeri, Giuseppe, |d (1965- ) |0 IT\ICCU\SBLV\019076 | |
| 830 | 0 | |a Piccola biblioteca Oscar ; |v 222 |0 IT\ICCU\PAL\0111548 | |
| 942 | |2 ddc |c BK |n 0 | ||
| 952 | |0 0 |1 0 |4 0 |6 DOC_791_430000000000000_RUS |7 0 |9 14582 |a BO |b BO |d 2026-01-15 |i 15445 |l 0 |o DOC 791.43 RUS |p BO15445 |r 2026-01-15 23:18:49 |w 2026-01-15 |x [Sebina 5] [1 v.] |y BK |z 1 v. | ||
| 999 | |c 12577 |d 12577 | ||